000
00294nam a2200133Ia 4500
100
_a
Lathi /B.P
942
_c
BK
654
_a
signals
245
_a
Signals systems and communication
260
_b
John Wiley
_a
New York
_c
1965
082
_a
621.3811
_b
LAT
300
_a
607
546
_a
ENGLISH
999
_c
19055
_d
19055